000 01443nam a22002777a 4500
005 20170410160304.0
008 140714b xxu||||| |||| 00| 0 Urdu d
010 _aUR-123 B-548012 B-665900
020 _a9789350732250
_c400.00
035 _aU-123 B-548012 B-665900
037 _bBPPD/Pub/Ven
037 _bPansy Books(Vend.)/Edu. Pub. House(Pub.)
040 _aDPL
_bUrdu
082 _a840.8
100 _aمر تب:ر يس الد ين ر يس
245 _aد ل ہے آ ينہ--نقشبند قمر نقو ی کی اد بيا ت کا جا يز ہ
_cمر تب:ر يس الد ين ر يس
246 _aDil hai Aayena-Naqshand Qamar Naqvi ki Adabiyat ka jaiza
_bEdited by Raeesuddin Raeesi
260 _aد ھلی
_bا يجو کيشنل پبليشنگ ہا ؤس
_c2013
260 _bPansy Books(Vender)
270 _a3108،و کيل اسٹر يٹ ،کو چہ پنڈ ت ،لال کنو ا ن
_bد ھلی
_e110006
_k23216162،23214465
270 _aR2,/66/A Somesh Vihar,Chhawala
_bNew Delhi
_e110071
_k01125317355
300 _a404+6ص
_c22Cm (Hb)
942 _2ddc
_cUR
_e
_h840.8
_mن ق و
999 _c87367
_d87367